Шифртелеграмма заместителя наркома иностранных дел СССР В. П. Потемкина полпредам СССР во Франции, Великобритании, США и Чехосло...

RUSMARC
00004411cbm0a2200301#x 450
0016ceee9f0-4f69-430e-b574-fc137c095294
00520200417124354.0
100##$a20200406j19381004k###0rusy50 ca
1010#$arus
102##$aRU
1220#$ad19381004##
2001#$aШифртелеграмма заместителя наркома иностранных дел СССР В. П. Потемкина полпредам СССР во Франции, Великобритании, США и Чехословакии о необходимости разоблачать англо-французские инсинуации касательно участия СССР в расправе над Чехословакией
$j4 октября 1938 г.
251##$cДокумент
300##$aКопия
461#0$12001
$aФ. 059
$1251
$cФонд
$1852
$j059
462#0$12001
$aОп. 1. П. 293
$1251
$cОпись
$1852
$j1. П. 293
462#0$12001
$aД. 2092
$vЛ. 75
$1251
$cДело
$1852
$j2092
605##$aВторая мировая война в архивных документах (Комплекс оцифрованных архивных документов, кино- и фотоматериалов)
$lколлекция
$2prlib_sh
$3LIBNET\UAF\0000088514
617##$2prlib_sh
$aСССР
$f1938
617##$2prlib_sh
$aВеликобритания
$f1938
617##$2prlib_sh
$aФранция
$f1938
617##$2prlib_sh
$aСША
$f1938
617##$2prlib_sh
$aЧехословакия
$f1938
801#0$aRU
$bПБ им. Б.Н. Ельцина
$c20200406
801#1$aRU
$bПБ им. Б.Н. Ельцина
$c20200406
$2rusmarc
801#2$aRU
$bПБ им. Б.Н. Ельцина
$c20200417
$2rusmarc
850##$aАрхив внешней политики Российской Федерации
852##$aАВП РФ
$jЛ. 75
035##$aLIBNET\0001068388
937##$d144048999
$hАрхив внешней политики Российской Федерации
8564#$uhttp://readingroom.main.prlib.ru/item.aspx?id_node=n144048999&mode=full
Формат отображения